Малый бизнес: российский и зарубежный опыт: указатель литературы за 1994-1996 гг.

Dades bibliogràfiques
Autor corporatiu: Томский государственный университет Научная библиотека
Altres autors: Заверткина Л. Б. (составитель), Альпет А. В.
Sumari:Исключено из фонда НТБ ТПУ
Idioma:rus
Publicat: Томск, Изд-во ТПУ, 1997
Format: Llibre
KOHA link:https://koha.lib.tpu.ru/cgi-bin/koha/opac-detail.pl?biblionumber=5275

MARC

LEADER 00000nam0a2200000 4500
001 5275
005 20231101204419.0
035 |a (RuTPU)RU\TPU\book\5302 
035 |a BOOK00005353 
090 |a 5275 
100 |a 20011209d1997 m y0rusy50 ca 
101 0 |a rus 
102 |a RU 
105 |a y a 001zy 
200 1 |a Малый бизнес: российский и зарубежный опыт  |e указатель литературы за 1994-1996 гг.  |f Томский государственный университет, Научная библиотека; сост. Л. Б. Заверткина, А. В. Альпет 
210 |a Томск  |c Изд-во ТПУ  |d 1997 
215 |a 46 с. 
333 |a Исключено из фонда НТБ ТПУ 
702 1 |a Заверткина  |b Л. Б.  |4 220 
702 1 |a Альпет  |b А. В.  |4 220 
712 0 2 |a Томский государственный университет  |b Научная библиотека  |9 23786 
801 0 |a RU  |b 63413507  |c 20011209  |g PSBO 
801 2 |a RU  |b 63413507  |c 20210119  |g PSBO 
942 |c BK